000
00299nam a22001337a 4500
008
181020b xxu||||| |||| 00| 0 eng d
020
_a
0256024162
041
_a
eng
080
_a
316
100
_a
50
101
_a
SOC
245
_a
The Emergence of Sociological Theory
_c
Turner
942
_2
udc
_c
BK
999
_c
50323
_d
50323